Reaching Teens : Strength-Based Communication Strategies to Build Resilience and Support Healthy Adolescent Development. Over-empathizing Can Feel Like Judgment /
This instructional video, from the 'Reaching Teens: Strength-Based Communication Strategies to Build Resilience and Support Healthy Adolescent Development' series, is a lecture by adolescent medicine clinical director Jonathan Pletcher about listening actively to youth without over-empathi...
| Format: | Video |
|---|---|
| Language: | English |
| Language Notes: | In English. |
| Published: |
[Elk Grove Village, Illinois] :
American Academy of Pediatrics,
2014.
|
| Series: | Academic Video Online
|
| Subjects: | |
| Online Access: | Connect to this streaming video (Alexander Street Press) Connect to this streaming video (Alexander Street Press) |
MARC
| Tag | First Indicator | Second Indicator | Subfields |
|---|---|---|---|
| LEADER | 00000cgm a2200000Mi 4500 | ||
| 001 | in00005567310 | ||
| 006 | m o c | ||
| 007 | cr |n||||||||a | ||
| 007 | vz |za|z| | ||
| 008 | 161104s2014 ilu003 e o vueng d | ||
| 005 | 20241201232636.3 | ||
| 035 | |a (OCoLC)ocn961281797 | ||
| 040 | |a ALSTP |b eng |e rda |e pn |c ALSTP |d OCLCO |d OCLCF |d UPM |d OCLCQ |d OCLCO |d CAUOI |d COD |d WYU |d OCLCA |d OCLCO |d OCLCL |d NUI | ||
| 019 | |a 1430857647 |a 1443984523 | ||
| 035 | |a (OCoLC)961281797 |z (OCoLC)1430857647 |z (OCoLC)1443984523 | ||
| 043 | |a n-us--- | ||
| 049 | |a TXAM | ||
| 245 | 0 | 0 | |a Reaching Teens : |b Strength-Based Communication Strategies to Build Resilience and Support Healthy Adolescent Development. |p Over-empathizing Can Feel Like Judgment / |c [produced by] American Academy of Pediatrics. |
| 264 | 1 | |a [Elk Grove Village, Illinois] : |b American Academy of Pediatrics, |c 2014. | |
| 300 | |a 1 online resource (3 min.) | ||
| 306 | |a 000247 | ||
| 336 | |a two-dimensional moving image |b tdi |2 rdacontent | ||
| 337 | |a video |b v |2 rdamedia | ||
| 337 | |a computer |b c |2 rdamedia | ||
| 338 | |a other |b vz |2 rdacarrier | ||
| 338 | |a online resource |b cr |2 rdacarrier | ||
| 347 | |a data file |2 rda | ||
| 490 | 0 | |a Academic Video Online | |
| 500 | |a Title from resource description page (viewed November 04, 2016). | ||
| 511 | 0 | |a Speaker: Jonathan Pletcher. | |
| 520 | |a This instructional video, from the 'Reaching Teens: Strength-Based Communication Strategies to Build Resilience and Support Healthy Adolescent Development' series, is a lecture by adolescent medicine clinical director Jonathan Pletcher about listening actively to youth without over-empathizing with them to avoid judging them. | ||
| 546 | |a In English. | ||
| 650 | 0 | |a Empathy. | |
| 650 | 0 | |a Youth |x Services for |z United States. | |
| 650 | 0 | |a Communication in medicine. | |
| 650 | 0 | |a Listening. | |
| 650 | 2 | |a Empathy | |
| 650 | 6 | |a Empathie. | |
| 650 | 6 | |a Jeunesse |x Services |z États-Unis. | |
| 650 | 6 | |a Communication en médecine. | |
| 650 | 6 | |a Écoute (Psychologie) | |
| 650 | 7 | |a Communication in medicine. |2 fast |0 (OCoLC)fst00870205 | |
| 650 | 7 | |a Empathy. |2 fast |0 (OCoLC)fst00908880 | |
| 650 | 7 | |a Listening. |2 fast |0 (OCoLC)fst00999799 | |
| 650 | 7 | |a Youth |x Services for. |2 fast |0 (OCoLC)fst01183511 | |
| 651 | 7 | |a United States. |2 fast |0 (OCoLC)fst01204155 |1 https://id.oclc.org/worldcat/entity/E39PBJtxgQXMWqmjMjjwXRHgrq | |
| 655 | 7 | |a Educational films. |2 fast |0 (OCoLC)fst01726235 | |
| 655 | 7 | |a Film excerpts. |2 fast |0 (OCoLC)fst01726130 | |
| 655 | 7 | |a Educational films. |2 lcgft | |
| 655 | 7 | |a Film excerpts. |2 lcgft | |
| 655 | 7 | |a Films éducatifs. |2 rvmgf | |
| 710 | 2 | |a American Academy of Pediatrics, |e production company. | |
| 856 | 4 | 0 | |u http://proxy.library.tamu.edu/login?url=https://www.aspresolver.com/aspresolver.asp?MARC;3275903 |z Connect to this streaming video (Alexander Street Press) |t 0 |
| 856 | 4 | 0 | |u http://proxy.library.tamu.edu/login?url=https://www.aspresolver.com/aspresolver.asp?MARC;3276111 |z Connect to this streaming video (Alexander Street Press) |t 0 |
| 955 | |a Alexander Street Press subscription streaming video | ||
| 994 | |a 92 |b TXA | ||
| 999 | f | f | |s 48822063-85cf-473b-a9c8-9edc375632fd |i 040fc9d3-b4f0-4538-b804-780c67c91d37 |t 0 |
| 952 | f | f | |a Texas A&M University |b College Station |c Electronic Resources |d Available Online |t 0 |h Library of Congress classification |
| 998 | f | f | |t 0 |l Available Online |